[Event "30ème Open  d'Avoine"]
[Site "Avoine"]
[Date "2015.07.18"]
[Round "8.28"]
[White "Gerard, Nicolas"]
[Black "Le Franc, Yves"]
[Result "1-0"]
[WhiteElo "2244"]
[BlackElo "1964"]
[PlyCount "101"]
[EventDate "2015.??.??"]
[WhiteTeam "C-E BOIS-COLOMBES"]
[BlackTeam "C.E. STRASBOURG"]

1. d4 d5 2. c4 e6 3. Nc3 Nf6 4. cxd5 exd5 5. Bg5 Be7 6. e3 c6 7. Qc2 a5 8. Nf3
Na6 9. a3 Nc7 10. Bd3 Ne6 11. Bh4 h6 12. O-O O-O 13. Rad1 Re8 14. Ne5 Nf8 15.
h3 Be6 16. Na4 N6d7 17. Bxe7 Qxe7 18. Nxd7 Nxd7 19. Rfe1 Qd6 20. Rc1 Rf8 21.
Qd2 f5 22. Nc3 Nf6 23. f3 Kh8 24. Bb1 Rfd8 25. Rcd1 Re8 26. Qf2 Rf8 27. Qh4 b5
28. Ne2 Ng8 29. Qf4 Qd7 30. Qe5 Rf6 31. Nf4 Raf8 32. Rc1 Ne7 33. Nd3 Ng6 34.
Qg3 Bg8 35. f4 Bh7 36. Rc3 Re8 37. h4 Ree6 38. Nc5 Qe8 39. Nxe6 Qxe6 40. Rec1
Ne7 41. a4 Bg6 42. Rc5 Be8 43. Bd3 Kh7 44. Qf3 Rg6 45. axb5 cxb5 46. Bxb5 Bxb5
47. Rxb5 Nc6 48. Rc3 Rg4 49. Qxd5 Nxd4 50. Qxe6 Nxe6 51. Rxa5 1-0

[Event "30ème Open  d'Avoine"]
[Site "Avoine"]
[Date "2015.07.18"]
[Round "8.29"]
[White "Ribeiro, Romain"]
[Black "Dreux, Vincent"]
[Result "1-0"]
[WhiteElo "2222"]
[BlackElo "1946"]
[PlyCount "95"]
[EventDate "2015.??.??"]
[WhiteTeam "C-E BOIS-COLOMBES"]
[BlackTeam "C.E. STRASBOURG"]

1. e4 c6 2. d4 d5 3. e5 Bf5 4. Nc3 e6 5. g4 Bg6 6. Nge2 h5 7. Nf4 Bh7 8. Nxh5
Qb6 9. Bg2 c5 10. dxc5 Qxc5 11. O-O Nc6 12. Bf4 Nge7 13. Re1 a6 14. a3 Bg6 15.
Ng3 Qd4 16. Qc1 Qc4 17. Nge2 Nd4 18. Nxd4 Qxd4 19. Ne2 Qc4 20. c3 Nc6 21. b4
Be7 22. Qe3 Bd3 23. Nd4 Rc8 24. Red1 Nxd4 25. cxd4 Bc2 26. Rdc1 Kd7 27. Bg3 g5
28. f4 f6 29. f5 Qd3 30. fxe6+ Kxe6 31. Qf2 f5 32. gxf5+ Qxf5 33. Rxc2 Qxc2 34.
Qf3 Qc4 35. Qg4+ Kf7 36. Rf1+ Ke8 37. Bxd5 Qc3 38. Be6 Rc7 39. Qe4 Rh6 40. Bf7+
Kf8 41. d5 Rc4 42. Qf3 Qd4+ 43. Kh1 Rc3 44. Qf5 Kg7 45. Be6 Kh8 46. Kg2 Rxa3
47. d6 Ra2+ 48. Bxa2 1-0

[Event "30ème Open  d'Avoine"]
[Site "Avoine"]
[Date "2015.07.18"]
[Round "8.30"]
[White "Strohl, Antoine"]
[Black "Frick, Christoph"]
[Result "1/2-1/2"]
[WhiteElo "1995"]
[BlackElo "2217"]
[PlyCount "58"]
[EventDate "2015.??.??"]
[WhiteTeam "C-E BOIS-COLOMBES"]
[BlackTeam "C.E. STRASBOURG"]

1. d4 g6 2. Nf3 Bg7 3. g3 d6 4. Bg2 Nf6 5. O-O O-O 6. c4 Nc6 7. Nc3 Nd7 8. e4
e5 9. d5 Nd4 10. Nxd4 exd4 11. Nb5 Ne5 12. Qb3 c5 13. dxc6 bxc6 14. Nxd4 Ba6
15. Rd1 Bxc4 16. Qc2 Ba6 17. Nf3 Nc4 18. Rb1 Qb6 19. b3 Rab8 20. Bf1 d5 21.
exd5 cxd5 22. Rxd5 Rfc8 23. Qd1 Bb7 24. Rd7 Ne5 25. Nxe5 Bxe5 26. Bg2 Bxg2 27.
Kxg2 Rd8 28. Rxd8+ Rxd8 29. Qe2 Qc6+ 1/2-1/2

[Event "30ème Open  d'Avoine"]
[Site "Avoine"]
[Date "2015.07.18"]
[Round "8.31"]
[White "Viel, Simon"]
[Black "Merenciano, Alexandre"]
[Result "0-1"]
[WhiteElo "1981"]
[BlackElo "2188"]
[PlyCount "138"]
[EventDate "2015.??.??"]
[WhiteTeam "C-E BOIS-COLOMBES"]
[BlackTeam "C.E. STRASBOURG"]

1. e4 e6 2. d4 d5 3. Nd2 c5 4. exd5 Qxd5 5. Ngf3 cxd4 6. Bc4 Qd6 7. O-O Nf6 8.
Nb3 Nc6 9. Nbxd4 Be7 10. Nxc6 Qxc6 11. Ne5 Qc5 12. Qe2 O-O 13. Rd1 b6 14. a4
Bb7 15. b4 Qc7 16. b5 Rfc8 17. Bf4 Bd6 18. Rd4 Bd5 19. Bg3 Bxe5 20. Bxe5 Bxc4
21. Qe3 Qe7 22. Qg5 h6 23. Qh4 Be2 24. Re1 Bh5 25. Rd2 Bg6 26. Red1 Nd5 27. Qg3
Qg5 28. Qxg5 hxg5 29. Rc1 Rc4 30. Rd4 Rac8 31. Rd2 Rxc2 32. Rcxc2 Rxc2 33. Rd1
Ra2 34. Ra1 Rxa1+ 35. Bxa1 Bc2 36. a5 bxa5 37. Bd4 Nb6 38. Kf1 Bd3+ 39. Ke1
Bxb5 40. Kd2 e5 41. Bc5 f5 42. Kc2 g4 43. g3 Kf7 44. Be3 Ke6 45. Bc5 Kd5 46.
Be3 a4 47. Kc3 Kc6 48. Kc2 a6 49. Bxb6 Kxb6 50. Kb2 Kc5 51. Kc3 a3 52. Kb3 Kd4
53. Kxa3 Kd3 54. Kb4 Ke2 55. Kc5 Kxf2 56. Kd5 e4 57. Kd4 e3 58. Kc3 e2 59. Kd4
e1=Q 60. Kd5 a5 61. Kc5 a4 62. Kxb5 a3 63. Kc4 a2 64. Kd5 a1=Q 65. Kc5 Qac3+
66. Kd6 Qcd2+ 67. Kc7 Qec1+ 68. Kb7 Qdb2+ 69. Ka8 Qca1# 0-1

[Event "30ème Open  d'Avoine"]
[Site "Avoine"]
[Date "2015.07.18"]
[Round "8.32"]
[White "Chevrier, Thomas"]
[Black "Hadet, Emmanuel"]
[Result "1-0"]
[WhiteElo "2185"]
[BlackElo "1941"]
[PlyCount "75"]
[EventDate "2015.??.??"]
[WhiteTeam "C-E BOIS-COLOMBES"]
[BlackTeam "C.E. STRASBOURG"]

1. e4 c5 2. Nf3 e6 3. d4 cxd4 4. Nxd4 a6 5. Nc3 Qc7 6. Be2 b5 7. Bf3 Bb7 8. O-O
d6 9. a4 b4 10. Na2 Nf6 11. Re1 d5 12. exd5 e5 13. d6 Bxd6 14. Bxb7 Qxb7 15.
Nf5 Bc7 16. Nd6+ Bxd6 17. Qxd6 Nc6 18. Nxb4 Ne7 19. Nd3 O-O 20. Bg5 Rfd8 21.
Qxe5 Ng6 22. Qg3 Ne4 23. Rxe4 Qxe4 24. Bxd8 Rxd8 25. Qe3 Qc6 26. Qc5 Qe4 27. f3
Qh4 28. Qf2 Qc4 29. a5 Rc8 30. Ra3 Qd5 31. Ra1 Qc4 32. b4 Qxc2 33. Qxc2 Rxc2
34. b5 Rc3 35. Nb4 axb5 36. a6 Rc8 37. a7 Ra8 38. Nd5 1-0

[Event "30ème Open  d'Avoine"]
[Site "Avoine"]
[Date "2015.07.18"]
[Round "8.33"]
[White "Meunier-Pion, Jean"]
[Black "Malassagne, Raphael"]
[Result "0-1"]
[WhiteElo "1971"]
[BlackElo "2185"]
[PlyCount "102"]
[EventDate "2015.??.??"]
[WhiteTeam "C-E BOIS-COLOMBES"]
[BlackTeam "C.E. STRASBOURG"]

1. e4 e6 2. d4 b6 3. Nf3 Bb7 4. Bd3 c5 5. c3 Nf6 6. Qe2 Nc6 7. O-O cxd4 8. cxd4
Nb4 9. Nc3 Nxd3 10. Qxd3 Bb4 11. d5 Qc8 12. Nb5 a6 13. Bf4 axb5 14. Rac1 Bc5
15. b4 O-O 16. Bd6 exd5 17. e5 Ne4 18. bxc5 bxc5 19. Bxf8 Qxf8 20. Qxb5 Ba6 21.
Qxd7 Rd8 22. Qc6 Bxf1 23. Kxf1 Qe8 24. Qxe8+ Rxe8 25. Ne1 Ra8 26. f3 Nd2+ 27.
Kg1 Nc4 28. Rc2 Ra3 29. f4 g6 30. Nf3 Kf8 31. e6 fxe6 32. Ng5 Ke7 33. Nxh7 Kd6
34. Nf8 Ne3 35. Re2 d4 36. Nxg6 d3 37. Rd2 Nc4 38. Rd1 Kd5 39. f5 exf5 40. Nf4+
Ke4 41. Ne6 Ra5 42. h4 Ne3 43. Rd2 c4 44. Ng5+ Kd4 45. Nf3+ Kc3 46. g3 Ng4 47.
Rg2 Rb5 48. Rd2 Ne5 49. Nxe5 Kxd2 50. Nxc4+ Ke2 51. a4 Rb4 0-1

[Event "30ème Open  d'Avoine"]
[Site "Avoine"]
[Date "2015.07.18"]
[Round "8.34"]
[White "Marchadour, Emilie"]
[Black "Monpeurt, Cyrielle"]
[Result "1/2-1/2"]
[WhiteElo "1991"]
[BlackElo "2140"]
[PlyCount "110"]
[EventDate "2015.??.??"]
[WhiteTeam "C-E BOIS-COLOMBES"]
[BlackTeam "C.E. STRASBOURG"]

1. e4 e5 2. Nf3 Nc6 3. Bb5 Bc5 4. O-O Nd4 5. Nxd4 Bxd4 6. c3 Bb6 7. d4 c6 8.
Ba4 d6 9. dxe5 dxe5 10. Qxd8+ Kxd8 11. Bb3 Ke7 12. Nd2 Nf6 13. Nc4 Bc7 14. f3
b5 15. Ne3 Rd8 16. a4 Be6 17. Bxe6 fxe6 18. axb5 cxb5 19. Nc2 Bb6+ 20. Be3
Bxe3+ 21. Nxe3 Rd3 22. Nc2 a5 23. Rfd1 Rad8 24. Rxd3 Rxd3 25. Na3 b4 26. Nc4
bxc3 27. bxc3 Nd7 28. Rxa5 Rxc3 29. Nxe5 Nxe5 30. Rxe5 Rc2 31. h4 Kf6 32. f4
Re2 33. Kh2 Re3 34. g3 Re2+ 35. Kh3 h5 36. Rxh5 Rxe4 37. Rg5 Re1 38. h5 Kf7 39.
Kg4 Rh1 40. Rg6 Rg1 41. Rg5 Ra1 42. Rb5 Kf6 43. Rb6 Ra4 44. Rb8 Kf7 45. Rh8 e5
46. h6 gxh6 47. Rxh6 exf4 48. gxf4 Ra5 49. Rb6 Rc5 50. Rd6 Ra5 51. Kf3 Ra3+ 52.
Ke4 Ra4+ 53. Rd4 Rxd4+ 54. Kxd4 Kf6 55. Ke4 Ke6 1/2-1/2

[Event "30ème Open  d'Avoine"]
[Site "Avoine"]
[Date "2015.07.18"]
[Round "8.35"]
[White "Aflalo, Sophie"]
[Black "Sauviat, Thomas"]
[Result "0-1"]
[WhiteElo "2135"]
[BlackElo "1938"]
[PlyCount "46"]
[EventDate "2015.??.??"]
[WhiteTeam "C-E BOIS-COLOMBES"]
[BlackTeam "C.E. STRASBOURG"]

1. d4 d5 2. c4 e6 3. Nc3 Be7 4. Nf3 Nf6 5. h3 O-O 6. Bf4 c5 7. e3 Nc6 8. a3
cxd4 9. exd4 dxc4 10. Bxc4 Nd5 11. Be5 Nxc3 12. bxc3 Nxe5 13. Nxe5 Qc7 14. Qd3
Bd7 15. O-O Rac8 16. Ba2 Bf6 17. Ng4 Be7 18. c4 Bc6 19. Rac1 Qa5 20. Rc3 Qg5
21. f4 Qg6 22. f5 exf5 23. Ne5 Qxg2# 0-1

[Event "30ème Open  d'Avoine"]
[Site "Avoine"]
[Date "2015.07.18"]
[Round "8.36"]
[White "Lukasiewicz, Krzysztof"]
[Black "Batteux, Mickael"]
[Result "1/2-1/2"]
[WhiteElo "1961"]
[BlackElo "2135"]
[PlyCount "73"]
[EventDate "2015.??.??"]
[WhiteTeam "C-E BOIS-COLOMBES"]
[BlackTeam "C.E. STRASBOURG"]

1. e4 Nf6 2. e5 Nd5 3. d4 d6 4. Nf3 dxe5 5. Nxe5 c6 6. Be2 Nd7 7. Nf3 N7f6 8.
c4 Nb6 9. O-O Bg4 10. b3 e6 11. Be3 Be7 12. Nc3 O-O 13. Qd2 Qc8 14. Rfd1 Rd8
15. h3 Bh5 16. Qb2 h6 17. Rac1 c5 18. a4 Nbd7 19. Ne5 Bxe2 20. Qxe2 cxd4 21.
Bxd4 Nxe5 22. Qxe5 Qc6 23. Qe3 Nh5 24. Nd5 Bg5 25. f4 exd5 26. fxg5 dxc4 27.
Rxc4 Qg6 28. g4 Re8 29. gxh5 Qxh5 30. Qd2 Qxh3 31. Qf4 Re2 32. Bf2 hxg5 33.
Qxg5 Rae8 34. Rd8 Qxb3 35. Rcc8 Qxa4 36. Rxe8+ Rxe8 37. Rc1 1/2-1/2

[Event "30ème Open  d'Avoine"]
[Site "Avoine"]
[Date "2015.07.18"]
[Round "8.37"]
[White "Malassagne, Isabelle"]
[Black "Neau, Julien"]
[Result "1-0"]
[WhiteElo "2113"]
[BlackElo "1879"]
[PlyCount "69"]
[EventDate "2015.??.??"]
[WhiteTeam "C-E BOIS-COLOMBES"]
[BlackTeam "C.E. STRASBOURG"]

1. e4 d6 2. d4 Nf6 3. Nc3 g6 4. Be3 c6 5. h3 b5 6. a3 Bg7 7. f4 O-O 8. Nf3 Nh5
9. g4 Ng3 10. Rg1 Nxf1 11. Rxf1 Nd7 12. Qd2 a5 13. Qf2 Bb7 14. f5 b4 15. Nd1 c5
16. d5 e6 17. dxe6 fxe6 18. Ng5 Bf6 19. Nxe6 Bh4 20. Nxd8 Bxf2+ 21. Nxf2 Rfxd8
22. Bf4 Ne5 23. Bxe5 dxe5 24. axb4 axb4 25. Rxa8 Rxa8 26. Kd2 Ra2 27. Rb1 c4
28. Ke3 Ba6 29. h4 c3 30. bxc3 bxc3 31. Rb8+ Kg7 32. Ra8 gxf5 33. gxf5 Ra1 34.
Nd3 Ra4 35. Nc5 1-0

[Event "30ème Open  d'Avoine"]
[Site "Avoine"]
[Date "2015.07.18"]
[Round "8.38"]
[White "Lebret, Jean-Michel"]
[Black "Francois, Adrien"]
[Result "1-0"]
[WhiteElo "2096"]
[BlackElo "1932"]
[PlyCount "159"]
[EventDate "2015.??.??"]
[WhiteTeam "C-E BOIS-COLOMBES"]
[BlackTeam "C.E. STRASBOURG"]

1. e4 c5 2. Bc4 e6 3. Qe2 a6 4. c3 b5 5. Bb3 c4 6. Bc2 Bb7 7. Nf3 Bc5 8. d4
cxd3 9. Bxd3 Qc7 10. Nbd2 d6 11. Nb3 Bb6 12. Bf4 e5 13. Be3 Nd7 14. O-O Ngf6
15. a4 O-O 16. Nfd2 Bxe3 17. Qxe3 Bc6 18. axb5 axb5 19. Qe2 Qb6 20. Rfd1 d5 21.
exd5 Nxd5 22. Be4 f5 23. Rxa8 Bxa8 24. Bxd5+ Bxd5 25. Nc1 Qc6 26. Nf3 Nf6 27.
Ne1 Qe8 28. Ncd3 e4 29. Nb4 Bc4 30. Qd2 Qh5 31. f3 Re8 32. Nbc2 h6 33. Ne3 Bb3
34. Ra1 Qg5 35. Nf1 e3 36. Qd4 Bc4 37. h4 e2 38. Qxc4+ bxc4 39. hxg5 exf1=Q+
40. Kxf1 hxg5 41. Ra5 Nh5 42. g4 Ng3+ 43. Kg1 f4 44. Ng2 Re2 45. Rxg5 Rxb2 46.
Nxf4 Ne2+ 47. Nxe2 Rxe2 48. Rc5 Re3 49. Rxc4 Rxf3 50. Kg2 Rd3 51. Kf2 Kf7 52.
Ke2 Rg3 53. Kf2 Rd3 54. Rf4+ Ke6 55. Rf3 Rd2+ 56. Ke3 Rc2 57. Kd4 Rd2+ 58. Kc4
Rg2 59. Re3+ Kd6 60. Re4 Rg1 61. Kd4 Rd1+ 62. Ke3 Rc1 63. c4 g5 64. Rd4+ Kc6
65. Ke4 Rf1 66. Ke5 Rf2 67. Rd6+ Kc7 68. Rf6 Rc2 69. Kf5 Kd7 70. Kxg5 Rxc4 71.
Kh5 Ke7 72. g5 Rc1 73. Kg6 Rg1 74. Rf4 Rg2 75. Kh6 Rg1 76. g6 Rg2 77. Kg7 Rg1
78. Re4+ Kd7 79. Kh6 Rh1+ 80. Kg5 1-0

[Event "30ème Open  d'Avoine"]
[Site "Avoine"]
[Date "2015.07.18"]
[Round "8.39"]
[White "Strohl, Gregoire"]
[Black "Deslias, Gregoire"]
[Result "0-1"]
[WhiteElo "1780"]
[BlackElo "2093"]
[PlyCount "52"]
[EventDate "2015.??.??"]
[WhiteTeam "C-E BOIS-COLOMBES"]
[BlackTeam "C.E. STRASBOURG"]

1. e4 c6 2. Nf3 g6 3. d4 d5 4. exd5 cxd5 5. Bd3 Bg4 6. h3 Bxf3 7. Qxf3 Bg7 8.
c3 Nf6 9. O-O O-O 10. Bf4 Qb6 11. Qe2 Nc6 12. Qc2 Nh5 13. Bh2 e5 14. dxe5 Bxe5
15. Nd2 Rac8 16. Qb3 Qc7 17. Bxe5 Nxe5 18. Be2 Nf4 19. Bf3 Rfd8 20. Rad1 b6 21.
Rfe1 Nfd3 22. Re3 Nc5 23. Qc2 d4 24. cxd4 Rxd4 25. Nb3 Nxb3 26. Qxc7 Nxf3+ 0-1

[Event "30ème Open  d'Avoine"]
[Site "Avoine"]
[Date "2015.07.18"]
[Round "8.40"]
[White "Dupont, Victor"]
[Black "Corbet, Laurent"]
[Result "1-0"]
[WhiteElo "1766"]
[BlackElo "2227"]
[PlyCount "73"]
[EventDate "2015.??.??"]
[WhiteTeam "C-E BOIS-COLOMBES"]
[BlackTeam "C.E. STRASBOURG"]

1. d4 Nf6 2. Nf3 g6 3. g3 Bg7 4. Bg2 O-O 5. O-O d6 6. c4 Nc6 7. Na3 Bf5 8. d5
Na5 9. Nd4 Bd7 10. b3 c5 11. dxc6 Nxc6 12. Bb2 Qb6 13. Ndc2 Rfd8 14. e4 Bg4 15.
Qd2 Ne5 16. Nd4 a6 17. h3 Bd7 18. Nac2 Qa7 19. Kh2 b5 20. f4 Nc6 21. cxb5 axb5
22. Nxb5 Qb6 23. Nc3 e5 24. Nd5 Nxd5 25. exd5 Ne7 26. fxe5 dxe5 27. Qb4 Qxb4
28. Nxb4 Bb5 29. Rfe1 Nf5 30. Bxe5 Bf8 31. Nc6 Bxc6 32. dxc6 Rd2 33. c7 Be7 34.
Kh1 Rf8 35. g4 Nh4 36. Bb7 Rc2 37. Rac1 1-0

[Event "30ème Open  d'Avoine"]
[Site "Avoine"]
[Date "2015.07.18"]
[Round "8.41"]
[White "Haub, Thorsten Michael"]
[Black "Gey, Marc-Emile"]
[Result "1-0"]
[WhiteElo "2392"]
[BlackElo "1911"]
[PlyCount "63"]
[EventDate "2015.??.??"]
[WhiteTeam "C-E BOIS-COLOMBES"]
[BlackTeam "C.E. STRASBOURG"]

1. g3 d5 2. Bg2 g6 3. d3 Bg7 4. Nd2 e5 5. Ngf3 Ne7 6. O-O O-O 7. e4 Nbc6 8. c3
a5 9. a4 h6 10. exd5 Nxd5 11. Nc4 Bf5 12. Re1 Re8 13. h3 g5 14. h4 g4 15. Nh2
h5 16. f3 Qd7 17. fxg4 hxg4 18. Bxd5 Qxd5 19. Ne3 Qxd3 20. Nxf5 Qxf5 21. Rf1
Rad8 22. Qxg4 Qxg4 23. Nxg4 Rd3 24. Kg2 e4 25. Bf4 Rd7 26. Rad1 Red8 27. Rde1
f5 28. Ne3 Rd2+ 29. Rf2 Rxf2+ 30. Kxf2 Ne5 31. Bxe5 Bxe5 32. Nxf5 1-0

[Event "30ème Open  d'Avoine"]
[Site "Avoine"]
[Date "2015.07.18"]
[Round "8.42"]
[White "Loiret, Stanislas"]
[Black "Gendre, Pascal"]
[Result "1-0"]
[WhiteElo "2228"]
[BlackElo "1897"]
[PlyCount "109"]
[EventDate "2015.??.??"]
[WhiteTeam "C-E BOIS-COLOMBES"]
[BlackTeam "C.E. STRASBOURG"]

1. d4 d5 2. c4 e6 3. Nf3 Nf6 4. g3 Be7 5. Bg2 O-O 6. O-O Nbd7 7. Qc2 c6 8. Rd1
b6 9. Nc3 Bb7 10. e4 dxe4 11. Ne5 Qc8 12. Nxd7 Nxd7 13. Nxe4 Rd8 14. Bg5 Bxg5
15. Nxg5 Nf6 16. c5 Qc7 17. Rac1 Rac8 18. Qe2 h6 19. Nf3 Nd5 20. Ne5 Qb8 21.
Qh5 Rc7 22. Qh4 Ne7 23. Be4 Nf5 24. Bxf5 exf5 25. Nc4 Ba6 26. Nd6 Rcd7 27. b3
Qc7 28. Qf4 Be2 29. Re1 Bh5 30. Qxf5 Bg6 31. Qe5 bxc5 32. dxc5 Qa5 33. a4 Qd2
34. Qc3 Qd5 35. Re5 Qd3 36. Qxd3 Bxd3 37. Rc3 Bg6 38. b4 a6 39. Ree3 Rb8 40.
Rc4 Bb1 41. Kf1 Ba2 42. Rce4 Kh7 43. Ke1 Bd5 44. Rd4 Be6 45. Kd2 Kg6 46. Kc3
Kf6 47. f4 g6 48. g4 Kg7 49. Rxe6 fxe6 50. Ne8+ Rxe8 51. Rxd7+ Kf6 52. Rc7 a5
53. b5 cxb5 54. axb5 g5 55. fxg5+ 1-0

[Event "30ème Open  d'Avoine"]
[Site "Avoine"]
[Date "2015.07.18"]
[Round "8.43"]
[White "Adam, Etienne"]
[Black "Beda, Salome"]
[Result "1-0"]
[WhiteElo "2212"]
[BlackElo "1860"]
[PlyCount "47"]
[EventDate "2015.??.??"]
[WhiteTeam "C-E BOIS-COLOMBES"]
[BlackTeam "C.E. STRASBOURG"]

1. c4 e6 2. g3 Nf6 3. Bg2 Be7 4. Nf3 O-O 5. O-O d5 6. b3 b6 7. Bb2 Bb7 8. e3
Nbd7 9. Nc3 c5 10. Qe2 Rc8 11. cxd5 exd5 12. d4 Re8 13. Rfd1 Qc7 14. Rac1 Qb8
15. Bh3 Rcd8 16. Qc2 Nf8 17. Na4 Bc8 18. Bg2 g6 19. dxc5 Bf5 20. Qe2 b5 21. Be5
Qb7 22. c6 Qa6 23. Nd4 Ba3 24. Bxf6 1-0

[Event "30ème Open  d'Avoine"]
[Site "Avoine"]
[Date "2015.07.18"]
[Round "8.44"]
[White "Poignot, Quentin"]
[Black "Dupeux, Denis"]
[Result "1-0"]
[WhiteElo "2170"]
[BlackElo "1857"]
[PlyCount "79"]
[EventDate "2015.??.??"]
[WhiteTeam "C-E BOIS-COLOMBES"]
[BlackTeam "C.E. STRASBOURG"]

1. e4 c5 2. Nf3 d6 3. d4 cxd4 4. Nxd4 Nf6 5. Nc3 a6 6. Be3 e5 7. Nb3 Be6 8. Be2
Be7 9. O-O O-O 10. f4 exf4 11. Bxf4 Nc6 12. Kh1 d5 13. Nxd5 Nxd5 14. exd5 Qxd5
15. Bf3 Qxd1 16. Raxd1 Rac8 17. c3 b5 18. Bd6 Bxd6 19. Rxd6 Ne5 20. Rxa6 b4 21.
Ra5 Nc4 22. Rc5 bxc3 23. bxc3 Rb8 24. h3 h6 25. Ra1 Ne3 26. Nd4 Bd7 27. a4 g5
28. Re1 Rfe8 29. a5 g4 30. hxg4 Nxg4 31. Rxe8+ Rxe8 32. g3 Re1+ 33. Kg2 Ra1 34.
Bb7 Ra2+ 35. Kf3 Rf2+ 36. Ke4 f6 37. a6 Kg7 38. a7 Ra2 39. a8=Q Nf2+ 40. Kd5
1-0

[Event "30ème Open  d'Avoine"]
[Site "Avoine"]
[Date "2015.07.18"]
[Round "8.45"]
[White "Deveque, Guillaume"]
[Black "Bianchi, Guillaume"]
[Result "1-0"]
[WhiteElo "1890"]
[BlackElo "2142"]
[PlyCount "41"]
[EventDate "2015.??.??"]
[WhiteTeam "C-E BOIS-COLOMBES"]
[BlackTeam "C.E. STRASBOURG"]

1. b4 e5 2. Bb2 Bxb4 3. f4 d6 4. fxe5 dxe5 5. Bxe5 Nf6 6. Nf3 O-O 7. e3 Re8 8.
Bc3 Bd6 9. Bc4 h6 10. O-O Nc6 11. Qe1 Ne5 12. Nxe5 Bxe5 13. Bxe5 Rxe5 14. Nc3
c5 15. Rd1 b6 16. d4 Rf5 17. e4 Rg5 18. e5 Bb7 19. Rf2 cxd4 20. exf6 Rc8 21.
Qe7 1-0

[Event "30ème Open  d'Avoine"]
[Site "Avoine"]
[Date "2015.07.18"]
[Round "8.46"]
[White "Mauffrey, Hugues"]
[Black "Julien, Jules-Alois"]
[Result "0-1"]
[WhiteElo "1882"]
[BlackElo "2106"]
[PlyCount "110"]
[EventDate "2015.??.??"]
[WhiteTeam "C-E BOIS-COLOMBES"]
[BlackTeam "C.E. STRASBOURG"]

1. e4 b6 2. d4 Bb7 3. Bd3 e6 4. Ne2 c5 5. c3 d6 6. Nd2 Nf6 7. O-O Nbd7 8. f4
Be7 9. a3 e5 10. fxe5 dxe5 11. d5 O-O 12. Ng3 Ne8 13. Bb5 a6 14. Bxd7 Qxd7 15.
Nc4 Qc7 16. Nf5 Bd6 17. Qg4 Bc8 18. Bh6 Bxf5 19. Rxf5 Kh8 20. Bd2 f6 21. Raf1
b5 22. Ne3 g6 23. R5f3 c4 24. Rh3 Qf7 25. Kh1 Bc5 26. Qh4 Bxe3 27. Bxe3 Rc8 28.
Bh6 Rg8 29. Qg4 Rc7 30. Bg5 Qg7 31. Bh6 Qd7 32. Qxd7 Rxd7 33. Be3 Rf8 34. Bc5
Rff7 35. Rhf3 Kg7 36. g4 Rc7 37. Bb4 h6 38. Kg2 Rcd7 39. a4 Nd6 40. Bxd6 Rxd6
41. a5 Kf8 42. h4 Kg7 43. R1f2 Rb7 44. Rc2 Rd8 45. Rcf2 Rd6 46. Rc2 Rbd7 47.
Kg3 h5 48. gxh5 f5 49. exf5 gxh5 50. Rg2 Kf6 51. Kf2 e4 52. Rg6+ Ke5 53. Re6+
Kxd5 54. Rxd6+ Rxd6 55. Rf4 Ke5 0-1

[Event "30ème Open  d'Avoine"]
[Site "Avoine"]
[Date "2015.07.18"]
[Round "8.47"]
[White "Bordais, Dominique"]
[Black "Gatineau, Yovann"]
[Result "0-1"]
[WhiteElo "1862"]
[BlackElo "2105"]
[PlyCount "68"]
[EventDate "2015.??.??"]
[WhiteTeam "C-E BOIS-COLOMBES"]
[BlackTeam "C.E. STRASBOURG"]

1. e4 c5 2. Nf3 e6 3. d4 cxd4 4. Nxd4 a6 5. Bd3 Bc5 6. Nb3 Ba7 7. Nc3 Nc6 8.
Qe2 d6 9. Be3 Nge7 10. Bxa7 Rxa7 11. Qe3 e5 12. O-O O-O 13. Nd5 Ra8 14. Rad1
Nxd5 15. exd5 Ne7 16. f4 exf4 17. Rxf4 Bd7 18. c4 b6 19. Nd4 Rc8 20. b3 Ng6 21.
Bxg6 hxg6 22. Qf3 Qe7 23. Nc6 Bxc6 24. dxc6 Qe5 25. b4 Rxc6 26. Rfd4 Rfc8 27.
Re4 Qg5 28. Rf1 R6c7 29. Qd3 Rd8 30. Qh3 f5 31. Rd4 Re7 32. c5 Re3 33. Rf3 Re1+
34. Kf2 Rde8 0-1

[Event "30ème Open  d'Avoine"]
[Site "Avoine"]
[Date "2015.07.18"]
[Round "8.48"]
[White "Rioland, Paul"]
[Black "Ronce, Nathan"]
[Result "1/2-1/2"]
[WhiteElo "1859"]
[BlackElo "2105"]
[PlyCount "70"]
[EventDate "2015.??.??"]
[WhiteTeam "C-E BOIS-COLOMBES"]
[BlackTeam "C.E. STRASBOURG"]

1. Nf3 c5 2. g3 b6 3. Bg2 Bb7 4. O-O Nf6 5. c3 e6 6. d4 d6 7. Qb3 Nbd7 8. Re1
Qc7 9. Nbd2 Rc8 10. e4 cxd4 11. Nxd4 Be7 12. Nb5 Qb8 13. Nc4 Ne5 14. Nxe5 dxe5
15. f3 O-O 16. Be3 Rfd8 17. Rad1 Nd7 18. Bf1 Bc6 19. Na3 Nc5 20. Qc2 Rxd1 21.
Rxd1 b5 22. Nb1 a5 23. Nd2 a4 24. Nb1 Be8 25. Nd2 h6 26. Kg2 Qb7 27. Be2 Rc7
28. Bf1 {(=)} Qc8 29. Qb1 Qb7 30. Qc2 Na6 31. Rc1 Nc5 32. Be2 Rc8 33. Rd1 Na6
34. Qb1 Rc7 35. Rc1 Nc5 {(=)} 1/2-1/2

[Event "30ème Open  d'Avoine"]
[Site "Avoine"]
[Date "2015.07.18"]
[Round "8.49"]
[White "Dumont, Gilles"]
[Black "Amarger, Vincent"]
[Result "1/2-1/2"]
[WhiteElo "1854"]
[BlackElo "2082"]
[PlyCount "136"]
[EventDate "2015.??.??"]
[WhiteTeam "C-E BOIS-COLOMBES"]
[BlackTeam "C.E. STRASBOURG"]

1. e4 d6 2. d4 Nf6 3. Nc3 e5 4. dxe5 dxe5 5. Qxd8+ Kxd8 6. Bg5 Be6 7. O-O-O+
Nbd7 8. Nge2 Kc8 9. h3 Bc5 10. f4 h6 11. Bxf6 gxf6 12. f5 Bc4 13. g4 c6 14. Ng3
Bxf1 15. Rhxf1 b5 16. Rf3 Kc7 17. Kb1 Rhd8 18. Rfd3 Nb6 19. b3 a6 20. Nh5 Be7
21. R1d2 Rxd3 22. cxd3 Rd8 23. Kc2 Rd7 24. Ne2 Kd8 25. d4 Bb4 26. Rd3 Ke7 27.
dxe5 fxe5 28. Nc1 a5 29. Rxd7+ Nxd7 30. Nd3 Bd6 31. a4 Nc5 32. Nxc5 Bxc5 33.
Kd3 Bf2 34. f6+ Ke6 35. Ng7+ Kxf6 36. Nf5 bxa4 37. bxa4 Kg5 38. Ne7 f6 39. Nxc6
Kh4 40. Ke2 Bb6 41. Kf3 Kxh3 42. Ne7 Kh4 43. Nf5+ Kg5 44. Nd6 Bd4 45. Nc4 Bc3
46. Ne3 Kg6 47. Nd5 Bd4 48. Ne7+ {(=)} Kg5 49. Nd5 Bb2 50. Kg3 Bc1 51. Kf3 Kg6
52. Ke2 Bb2 53. Kf3 Kf7 54. Ke2 Kg6 55. Kf3 {(=)} Bc1 56. Ke2 Bg5 57. Ne7+ Kf7
58. Nc6 Ke6 59. Nxa5 Kd6 60. Nb3 Kc6 61. Kd3 Bh4 62. Kc4 Bf2 63. Nc1 Kb6 64.
Nd3 Be3 65. Nb4 Ka5 66. Nd5 Bg5 67. Kb3 Bh4 68. Ne7 Bg5 {(=)} 1/2-1/2

[Event "30ème Open  d'Avoine"]
[Site "Avoine"]
[Date "2015.07.18"]
[Round "8.50"]
[White "Steinle, Thibaud"]
[Black "Beaugeard, Meddy"]
[Result "1-0"]
[WhiteElo "2079"]
[BlackElo "1850"]
[PlyCount "43"]
[EventDate "2015.??.??"]
[WhiteTeam "C-E BOIS-COLOMBES"]
[BlackTeam "C.E. STRASBOURG"]

1. e4 c5 2. c3 d5 3. exd5 Qxd5 4. d4 Nc6 5. Nf3 Nf6 6. Nbd2 cxd4 7. Bc4 Qd6 8.
Qb3 e6 9. cxd4 Nxd4 10. Nxd4 Qxd4 11. O-O Qb6 12. Qg3 Bd7 13. Nf3 Qc5 14. Bb3
Ne4 15. Qh4 Bc6 16. Be3 Qe7 17. Qh3 Nc5 18. Ne5 Bb5 19. Bxc5 Qxc5 20. Nxf7 Bxf1
21. Rxf1 Rg8 22. Qxe6+ 1-0